00732cam a2200217 a 450000100060000000300080000600500170001400800410003103500200007204000230009204100080011508200360012310000220015924500690018126000440025030000190029450400510031350500790036465000280044371000430047152175BD-RjUL20211209075750.0160906s1967 pk bl 001 0 eng  a(BD-RjUL) 52295 aDLCcDLCdDLCbeng aeng00a345.49105002632 219bMAP 1967 1 aMahmood, Shaukat.14aThe Pakistan penal code (XLV of 1880) /cby Sh. Shaukat Mahmood. aLahore :bLegal Research Centre,c1967  a3 v. ;c25 cm. aIncludes bibliographical references and index.0 aV. 1. Sections 1-299 -- v. 2. Sections 300-379 -- v. 3. Sections 380-index 0aCriminal lawzPakistan.12aPakistan.tPakistan Penal Code.f1985.